[Event "2008 Standard Chess Dropout Tournament, Round 1"]
[Site "SchemingMind.com"]
[Date "2007.11.13"]
[Round "1"]
[White "29A"]
[Black "neoliminal"]
[Result "1-0"]
[WhiteCountry "CAN"]
[BlackCountry "CRC"]
[WhiteElo "1713"]
[WhiteRD "96"]
[BlackElo "1188"]
[BlackRD "104"]
[GameID "128710"]

1. e4 e6 2. d4 d6 3. Nc3 Nf6 4. Nf3 Bd7 5. Bc4 a6 6. d5 b5 7. Bb3 a5 8. a3 e5 9. Qe2 c5 10. O-O h5
11. Bg5 Bg4 12. Qxb5+ Nbd7 13. Nd2 Rb8 14. Qd3 Be7 15. f3 Rc8 16. fxg4 hxg4 17. Ba4 Qb6 18. Nc4 Qa7 19. Bxf6 gxf6 20. Bxd7+ Kxd7
21. Qe2 Rhg8 22. Kh1 Rg7 23. Ne3 Rcg8 24. Nf5 Rg5 25. Qb5+ Kc7 26. Nxe7 Rb8 27. Qc6+ Kd8 28. Qxd6+ Qd7 29. Qxb8+
1-0

[Event "2008 Standard Chess Dropout Tournament, Round 1"]
[Site "SchemingMind.com"]
[Date "2007.11.14"]
[Round "1"]
[White "acbrasileiro"]
[Black "Alessandro Dotti Contra"]
[Result "1-0"]
[WhiteCountry "BRA"]
[BlackCountry "ITA"]
[WhiteElo "1966"]
[WhiteRD "102"]
[BlackElo "1377"]
[BlackRD "77"]
[GameID "128711"]

1. Nf3 d5 2. b3 Nf6 3. Bb2 e6 4. e3 Be7 5. d4 O-O 6. Bd3 Nc6 7. a3 h6 8. O-O a6 9. c4 b5 10. cxd5 exd5
11. Qc2 Na5 12. Bc3 Nc6 13. Nbd2 a5 14. Bxb5 Bd7 15. Rfc1 Ng4 16. h3 Nf6 17. Bxc6 Bxc6 18. Bb2 Ra6 19. Ne5 Bd7 20. Nxd7 Qxd7
21. Qxc7 Qxc7 22. Rxc7 Re8 23. Rac1 Raa8 24. Rb7 Bd6 25. Rc6 Be7 26. Rcc7 Kf8 27. Nf3 Ne4 28. Ne5 Ng5 29. Nd7+ Kg8 30. Nb6 Rad8
31. Rxe7 Rxe7 32. Rxe7 Ne4 33. Nxd5 Nf6 34. Nxf6+ gxf6 35. Ra7 Rd5 36. e4 Rb5 37. d5 Rxb3 38. Bxf6 Rxa3 39. d6 Rd3 40. d7 Rxd7
41. Rxd7 Kf8 42. Rd8#
1-0

[Event "2008 Standard Chess Dropout Tournament, Round 1"]
[Site "SchemingMind.com"]
[Date "2007.11.13"]
[Round "1"]
[White "Adunatos"]
[Black "KaliYuga"]
[Result "1-0"]
[WhiteCountry "NED"]
[BlackCountry "IRL"]
[WhiteElo "2283"]
[WhiteRD "66"]
[BlackElo "1841"]
[BlackRD "82"]
[GameID "128713"]

1. e4 c5 2. d4 cxd4 3. c3 d3 4. c4 Nc6 5. Bxd3 Nf6 6. Nc3 g6 7. h3 Bg7 8. Nge2 O-O 9. O-O d6 10. a3 Bd7
11. Be3 a6 12. f4 e5 13. f5 Rc8 14. g4 Na5 15. g5 Nh5 16. Nd5 gxf5 17. exf5 f6 18. Nec3 Qe8 19. Ne4 Rc6 20. b4 Nxc4
21. Bxc4 b5 22. Ndxf6+
1-0

[Event "2008 Standard Chess Dropout Tournament, Round 1"]
[Site "SchemingMind.com"]
[Date "2007.11.15"]
[Round "1"]
[White "agoodhobby"]
[Black "Lazaro"]
[Result "1-0"]
[WhiteCountry "USA"]
[BlackCountry "CUB"]
[WhiteElo "1613"]
[WhiteRD "60"]
[BlackElo "1595"]
[BlackRD "46"]
[GameID "128714"]

1. d4 Nf6 2. c4 e6 3. Nf3 b6 4. g3 Ba6 5. b3 Bb4+ 6. Bd2 Be7 7. Bg2 Bb7 8. O-O O-O 9. Nc3 d5 10. Bg5 dxc4
11. bxc4 c5 12. e3 Nbd7 13. d5 exd5 14. cxd5 Nxd5 15. Bxe7 Nxe7 16. Qd3 Bxf3 17. Bxf3
1-0

[Event "2008 Standard Chess Dropout Tournament, Round 1"]
[Site "SchemingMind.com"]
[Date "2007.11.13"]
[Round "1"]
[White "Apatchenlama"]
[Black "CuriousShadow"]
[Result "0-1"]
[WhiteCountry "GER"]
[BlackCountry "USA"]
[WhiteElo "1353"]
[WhiteRD "257"]
[BlackElo "2080"]
[BlackRD "120"]
[GameID "128716"]

1. d4 Nf6 2. c4 e6 3. Nc3 d5 4. Bg5 Be7 5. e3 Ne4 6. Bxe7 Qxe7 7. Qc2 Nxc3 8. Qxc3 O-O 9. Nf3 c6 10. h4 Nd7
11. h5 Re8 12. h6 g6 13. Ne5 Nxe5 14. dxe5 dxc4 15. Qxc4 Rd8 16. f4 c5 17. Bd3 b6 18. O-O-O Bb7 19. Be4 b5 20. Qc2 Bd5
21. g4 Rac8 22. g5 c4 23. Bxd5 exd5 24. Rd4 b4 25. Kd2 c3+ 26. Ke2 a5 27. Rhd1 Qe6 28. Rf1 Qg4+ 29. Rf3 cxb2 30. Qxb2 Rc3
31. e6 fxe6 32. Rd3 Rdc8 33. Rxc3 Rxc3 34. a3 Qg2+ 35. Rf2 Qe4
0-1

[Event "2008 Standard Chess Dropout Tournament, Round 1"]
[Site "SchemingMind.com"]
[Date "2007.11.14"]
[Round "1"]
[White "APB"]
[Black "hessonchess"]
[Result "0-1"]
[WhiteCountry "ENG"]
[BlackCountry "USA"]
[WhiteElo "1396"]
[WhiteRD "100"]
[BlackElo "1522"]
[BlackRD "88"]
[GameID "128717"]

1. e4 d6 2. d4 Nf6 3. Nc3 Nbd7 4. Nf3 e5 5. d5 c6 6. Bc4 b5 7. Bb3 b4 8. Na4 cxd5 9. exd5 Bb7 10. c4 Rc8
11. O-O e4 12. Nd4 Be7 13. Qd2 a5 14. Nb5 Nc5 15. Na7 Nxb3 16. axb3 Rc7 17. Nc6 Bxc6 18. dxc6 O-O 19. Qf4 Rxc6 20. Be3 d5
21. cxd5 Nxd5 22. Qxe4 Nxe3 23. fxe3 Rf6 24. Rad1 Rxf1+ 25. Rxf1 Re8 26. Rf3 Bg5 27. Qc2 Bxe3+ 28. Kf1 Bd2
0-1

[Event "2008 Standard Chess Dropout Tournament, Round 1"]
[Site "SchemingMind.com"]
[Date "2007.11.18"]
[Round "1"]
[White "Apocalypse"]
[Black "saxon"]
[Result "1/2-1/2"]
[WhiteCountry "USA"]
[BlackCountry "GER"]
[WhiteElo "2300"]
[WhiteRD "78"]
[BlackElo "2388"]
[BlackRD "107"]
[GameID "128718"]

1. e4 c5 2. Nf3 e6 3. Nc3 Nc6 4. d4 cxd4 5. Nxd4 Qc7 6. f4 a6 7. Nf3 Bc5 8. Bd3 b5 9. Qe2 Nd4 10. Nxd4 Bxd4
11. Nd1 Nf6 12. c3 Bc5 13. e5 Nd5 14. Nf2 O-O 15. Ne4 Bb7 16. Nxc5 Qxc5 17. Bd2 f6 18. O-O-O fxe5 19. Qxe5 Rac8 20. Qh5 Nf6
21. Qxc5 Rxc5 22. Rhg1 Be4 23. Be3 Rc7 24. Kd2 Bxd3 25. Kxd3 Nd5 26. g3 Rfc8 27. Ke2 a5 28. a3 Rc4 29. Bd4 b4 30. cxb4 axb4
31. Rd3 bxa3 32. bxa3 Kf7= 33. Rgd1 Ra8 34. Rb3 Raa4 35. Bb2 Rc2+ 36. Rd2 Rc7 37. Kf3 g6 38. Rb8 h5 39. Rd3 Rc2 40. h4 Ra6
41. Rb7 Ke7 42. Bd4 Ra8 43. Be5 Rc1 44. Rbb3 Rf1+ 45. Kg2 Rc1 46. Kf2 Rc2+ 47. Kf3 Rc1 48. Rd2 Rf1+ 49. Ke2 Rg1 50. Bd4 Rc1
51. Bb2 Rc4 52. Kf3 Rc7 53. Rdd3 Rc2=
1/2-1/2

[Event "2008 Standard Chess Dropout Tournament, Round 1"]
[Site "SchemingMind.com"]
[Date "2007.11.18"]
[Round "1"]
[White "Archr"]
[Black "fourluxflakes"]
[Result "0-1"]
[WhiteCountry "USA"]
[BlackCountry "ENG"]
[WhiteElo "1610"]
[WhiteRD "76"]
[BlackElo "1918"]
[BlackRD "66"]
[GameID "128719"]

1. e4 Nf6 2. e5 Nd5 3. d4 d6 4. Nf3 Bg4 5. c4 Nb6 6. Be2 c6 7. Ng5 Bf5 8. e6 fxe6 9. O-O d5 10. c5 N6d7
11. Bh5+ g6 12. Bg4 Nf6 13. Bxf5 exf5 14. Bf4 Na6 15. Ne6 Qd7 16. Nc3 Qxe6 17. Re1 Qd7 18. Be5 Bg7 19. Bd6 Ne4 20. Nxe4 dxe4
0-1

[Event "2008 Standard Chess Dropout Tournament, Round 1"]
[Site "SchemingMind.com"]
[Date "2007.11.14"]
[Round "1"]
[White "Argeon"]
[Black "Mel"]
[Result "0-1"]
[WhiteCountry "BEL"]
[BlackCountry "USA"]
[WhiteElo "1977"]
[WhiteRD "78"]
[BlackElo "1667"]
[BlackRD "111"]
[GameID "128720"]

1. e4 c5 2. Nf3 d6 3. Bc4 Nf6 4. d3 e6 5. O-O d5 6. exd5 Nxd5 7. Ng5 Be7 8. Qh5 g6 9. Qh6 Nf6 10. Qg7 Rf8
11. Re1 Nh5 12. Qh6 Bxg5 13. Bxg5 f6 14. Qxh7 Qe7 15. Qxg6+ Qf7 16. Qxf7+ Rxf7 17. Bd2 Re7 18. g4 Ng7 19. Nc3 Bd7 20. Ne4 e5
21. Nxf6+ Kd8 22. Ng8 Re8 23. Nf6 Rf8 24. Nxd7 Nxd7 25. Bh6 Rf4 26. Bxf4 exf4 27. Re4 f3 28. Rae1 Kc7
0-1

[Event "2008 Standard Chess Dropout Tournament, Round 1"]
[Site "SchemingMind.com"]
[Date "2007.11.17"]
[Round "1"]
[White "Ashmaster"]
[Black "mmccaffe"]
[Result "1/2-1/2"]
[WhiteCountry "IRL"]
[BlackCountry "USA"]
[WhiteElo "1702"]
[WhiteRD "83"]
[BlackElo "1494"]
[BlackRD "66"]
[GameID "128721"]

1. d4 f5 2. c4 e6 3. Nf3 Nf6 4. Bg5 Be7 5. Nc3 O-O 6. e3 c6 7. Bd3 d5 8. O-O Nbd7 9. cxd5 cxd5 10. Rc1 a6
11. Na4 b5 12. Nc5 Nxc5 13. Bxf6 Bxf6 14. Rxc5 Be7 15. Rc2 Bd6 16. Qe2 Bd7 17. Rfc1 Qb6 18. Ne5 Bxe5=
1/2-1/2

[Event "2008 Standard Chess Dropout Tournament, Round 1"]
[Site "SchemingMind.com"]
[Date "2007.11.18"]
[Round "1"]
[White "asperse"]
[Black "bull mccabe"]
[Result "0-1"]
[WhiteCountry "ENG"]
[BlackCountry "IRL"]
[WhiteElo "1424"]
[WhiteRD "87"]
[BlackElo "1533"]
[BlackRD "85"]
[GameID "128722"]

1. f4 d5 2. Nf3 Nc6 3. e3 Bg4 4. h3 Bh5 5. g4 e5 6. gxh5 e4 7. Ng5 h6 8. Nxf7 Qh4+ 9. Ke2 Qxh5+ 10. Ke1 Qxf7
11. Qg4 Nf6 12. Qg3 a6 13. b3 Nb4 14. Na3 O-O-O 15. Bb2 Bd6 16. Be2 Rhg8 17. Bc3 Kb8 18. Bxb4 Bxb4 19. Nb1 d4 20. exd4 Rxd4
21. c3 Bxc3 22. dxc3 Rd6 23. Nd2 Rgd8 24. Rd1 Qe7 25. Bc4 e3 26. f5 Rxd2 27. Rxd2 Rxd2 28. Rh2 Rxh2 29. Qxh2 Ne4 30. Bd5 Nxc3
31. Be6 Qb4 32. Kf1 e2+
0-1

[Event "2008 Standard Chess Dropout Tournament, Round 1"]
[Site "SchemingMind.com"]
[Date "2007.11.13"]
[Round "1"]
[White "Austin Lockwood"]
[Black "fer_even"]
[Result "0-1"]
[WhiteCountry "ENG"]
[BlackCountry "ARG"]
[WhiteElo "1670"]
[WhiteRD "102"]
[BlackElo "2435"]
[BlackRD "94"]
[GameID "128723"]

1. e4 e5 2. Nf3 Nc6 3. Bb5 a6 4. Bxc6 dxc6 5. O-O Qd6 6. b3 f6 7. d4 Bg4 8. dxe5 fxe5 9. h3 Bxf3 10. Qxd6 cxd6
11. gxf3 Nf6 12. Nc3 g5 13. Be3 d5 14. exd5 cxd5 15. Rfe1 Kf7 16. f4 gxf4 17. Bd2 Rg8+ 18. Kf1 Bd6 19. a4 f3 20. h4 Rg2
21. Re3 e4 22. Rd1 Rh2
0-1

[Event "2008 Standard Chess Dropout Tournament, Round 1"]
[Site "SchemingMind.com"]
[Date "2007.11.17"]
[Round "1"]
[White "Bacon"]
[Black "Quirine"]
[Result "0-1"]
[WhiteCountry "BER"]
[BlackCountry "NED"]
[WhiteElo "1177"]
[WhiteRD "91"]
[BlackElo "1924"]
[BlackRD "77"]
[GameID "128724"]

1. e4 e6 2. d4 d5 3. e5 c5 4. Nf3 cxd4 5. Qxd4 Nc6 6. Qf4 Nge7 7. Bb5 Ng6 8. Qa4 Bd7 9. O-O a6 10. Bxc6 bxc6
11. b4 c5 12. Qa5 cxb4 13. Qxd8+ Rxd8 14. Be3 h6 15. Bb6 Rc8 16. Rc1 Nf4 17. g3 Ne2+ 18. Kg2 Nxc1 19. Kf1 Bb5+ 20. Kg1 Rxc2
21. Ne1 Re2 22. Kf1 Rxa2+ 23. Kg2 Rxa1 24. Nd2 b3 25. Nxb3 Nxb3 26. Nc2 Rc1 27. Nd4 Nxd4 28. Bxd4 a5 29. Bb2 Rc2 30. Bd4 a4
31. Kg1 a3 32. Kg2 a2 33. Kf3 Bc5 34. Ba1 Rxf2+ 35. Kg4 Be2+ 36. Kh4 Rxh2#
0-1

[Event "2008 Standard Chess Dropout Tournament, Round 1"]
[Site "SchemingMind.com"]
[Date "2007.11.18"]
[Round "1"]
[White "badbishop"]
[Black "simon_w"]
[Result "1-0"]
[WhiteCountry "POL"]
[BlackCountry "IRL"]
[WhiteElo "2236"]
[WhiteRD "69"]
[BlackElo "1858"]
[BlackRD "83"]
[GameID "128725"]

1. e4 c5 2. Nf3 g6 3. d4 cxd4 4. Nxd4 Nc6 5. c4 Bg7 6. Be3 Nh6 7. Nc3 O-O 8. Be2 f5 9. exf5 Bxd4 10. Bxh6 Rxf5
11. O-O e5 12. Bf3 d6 13. g4 e4 14. Bxe4 Bxf2+ 15. Kh1 Qh4 16. gxf5 Bxf5 17. Bd5+ Kh8 18. Qd2 Bc5 19. Bg5 Qd4 20. Qxd4+ Bxd4
21. Rad1 h5 22. Bxc6 Bxc3 23. bxc3
1-0

[Event "2008 Standard Chess Dropout Tournament, Round 1"]
[Site "SchemingMind.com"]
[Date "2007.11.17"]
[Round "1"]
[White "bartleby en passant"]
[Black "Robert Pallett"]
[Result "0-1"]
[WhiteCountry "IRL"]
[BlackCountry "ENG"]
[WhiteElo "1765"]
[WhiteRD "76"]
[BlackElo "2338"]
[BlackRD "76"]
[GameID "128726"]

1. e4 c5 2. c3 d5 3. exd5 Qxd5 4. d4 Nc6 5. Nd2 cxd4 6. cxd4 Nxd4 7. Bc4 Qxg2 8. Bb5+ Nxb5 9. Qf3 Qxf3 10. Ngxf3 g6
11. Nc4 Be6 12. Ne3 Bg7 13. a4 Nd4 14. Nxd4 Bxd4 15. O-O Nh6 16. Rd1 O-O-O 17. Ra3 Bf6 18. Rxd8+ Rxd8 19. b4 Nf5 20. Nxf5 Rd1+
21. Kg2 gxf5 22. Bf4 Rd4 23. Rc3+ Kd7 24. Rc7+ Kd8
0-1

[Event "2008 Standard Chess Dropout Tournament, Round 1"]
[Site "SchemingMind.com"]
[Date "2007.11.17"]
[Round "1"]
[White "BlueMooner"]
[Black "Ashmaster"]
[Result "1/2-1/2"]
[WhiteCountry "ENG"]
[BlackCountry "IRL"]
[WhiteElo "1791"]
[WhiteRD "87"]
[BlackElo "1760"]
[BlackRD "90"]
[GameID "128728"]

1. e4 c5 2. Nf3 Nc6 3. d4 cxd4 4. Nxd4 e5 5. Nb5 d6 6. c4 Be7 7. N1c3 a6 8. Na3 Be6 9. Nc2 Bg5 10. Bxg5 Qxg5
11. Nd5 Rc8 12. g3 Qd8 13. Qd2 Bxd5 14. Qxd5 Nf6 15. Qd3 Qa5+ 16. Ke2 Qb6 17. Bh3 Rd8 18. b3 O-O 19. Rhd1 Nb4 20. Nxb4 Qxb4
21. f3 Rfe8= 22. a3 Qb6 23. Rac1 h6 24. Qe3 Qxe3+ 25. Kxe3 Re7 26. Rd2 Rc7 27. Rcd1 Ne8 28. Bf1 b6 29. Rd5 Rdc8 30. b4 f6
31. f4 g5 32. fxe5 fxe5 33. Bh3 Rb8 34. Be6+ Kg7 35. R5d2 Re7 36. Bg4 Kg6 37. Rf2 Rbb7 38. Be2 Rf7 39. c5=
1/2-1/2

[Event "2008 Standard Chess Dropout Tournament, Round 1"]
[Site "SchemingMind.com"]
[Date "2007.11.15"]
[Round "1"]
[White "boojiboy"]
[Black "pawngrabber"]
[Result "1/2-1/2"]
[WhiteCountry "USA"]
[BlackCountry "ENG"]
[WhiteElo "1803"]
[WhiteRD "96"]
[BlackElo "1939"]
[BlackRD "73"]
[GameID "128729"]

1. e4 d6 2. d4 Nf6 3. Nc3 g6 4. f4 Bg7 5. Nf3 c5 6. Bb5+ Bd7 7. Bxd7+ Qxd7 8. d5 O-O 9. O-O Na6 10. e5 Ne8
11. Be3 Nac7 12. Qd2 b6 13. Rad1 e6 14. dxe6 Qxe6 15. Nd5 dxe5 16. Nxe5 Nxd5 17. Qxd5 Nc7 18. Qxe6 Nxe6 19. Rd7 Bxe5 20. fxe5 Kg7
21. Rfd1 Rfd8 22. g4 Kf8 23. h4 Ke8 24. Rxd8+ Rxd8 25. Rxd8+ Kxd8 26. Kf2 Kd7 27. Kf3 Kc6 28. c4 a6 29. Ke4 b5 30. b3 b4
31. Bf2 a5 32. Be3 Nf8 33. Bd2 Nd7 34. Bg5 a4 35. Be7 Nb6 36. Kf4 axb3 37. axb3 Nd7 38. h5 Nb6 39. hxg6 hxg6 40. Kg5 Nxc4
41. bxc4 b3 42. Bf6 b2 43. e6 b1=Q 44. exf7 Qc1+ 45. Kxg6 Qxc4 46. g5 Qd3+ 47. Kg7 Qd7 48. Kg8 Qe6 49. Kg7 Qd7 50. g6 c4
51. Kg8 Qe6 52. Kg7 Qd7 53. Bg5 c3 54. Bh6 c2 55. Kg8 Qe6 56. Kh7 Qe7 57. Kg7 Kd5 58. Kg8 Qe6 59. Kh7 Qe7 60. Kg8 Qe6=
1/2-1/2

[Event "2008 Standard Chess Dropout Tournament, Round 1"]
[Site "SchemingMind.com"]
[Date "2007.11.18"]
[Round "1"]
[White "Ingemar Assarsjö"]
[Black "Harold"]
[Result "1-0"]
[WhiteCountry "SWE"]
[BlackCountry "GBR"]
[WhiteElo "1835"]
[WhiteRD "101"]
[BlackElo "1521"]
[BlackRD "87"]
[GameID "128730"]

1. e4 e5 2. f4 exf4 3. Nf3 d6 4. d4 g5 5. h4 g4 6. Ng1 Bh6 7. Nc3 Nc6 8. Bb5 a6 9. Ba4 Bd7 10. Bxc6 Bxc6
11. Qxg4 Nf6 12. Qe2 Rg8 13. Nh3 Rg4 14. Ng5 Qe7 15. Nxh7 Nxe4 16. Nxe4 Bxe4 17. Nf6+ Qxf6 18. Qxg4 Qxd4 19. c3 Qe5 20. O-O f5
21. Qg6+ Kd7 22. Qxh6 Rg8 23. Rf2 f3 24. Bf4 Qg7 25. Qxg7+ Rxg7 26. g3 d5 27. h5
1-0

[Event "2008 Standard Chess Dropout Tournament, Round 1"]
[Site "SchemingMind.com"]
[Date "2007.11.13"]
[Round "1"]
[White "Brennan Price"]
[Black "Jochen"]
[Result "1-0"]
[WhiteCountry "USA"]
[BlackCountry "GBR"]
[WhiteElo "1752"]
[WhiteRD "145"]
[BlackElo "1263"]
[BlackRD "103"]
[GameID "128731"]

1. e4 e5 2. Nf3 Nf6 3. Nxe5 Bb4 4. a3 Ba5 5. Nc4 b6 6. b4 Nxe4 7. d3 Nxf2 8. Qe2+ Qe7 9. Qxe7+ Kxe7 10. Kxf2 d5
11. Ne3 d4 12. Nf5+ Bxf5 13. bxa5 bxa5 14. Bb2 Nc6 15. Nd2 Ne5 16. Bxd4 Ng4+ 17. Kg1 Kd8 18. h3 Nf6 19. g4 Bd7 20. Bg2 Re8
21. Bxa8 c6 22. Rh2 Nd5 23. Rb1 Ke7 24. Re2+ Kf8 25. Rxe8+ Bxe8 26. Bc5+ Kg8 27. Bxc6 Nf4 28. Rb8 Nxh3+ 29. Kh2 Ng5 30. Rxe8#
1-0

[Event "2008 Standard Chess Dropout Tournament, Round 1"]
[Site "SchemingMind.com"]
[Date "2007.11.13"]
[Round "1"]
[White "bugajakab"]
[Black "Ingemar Assarsjö"]
[Result "1-0"]
[WhiteCountry "HUN"]
[BlackCountry "SWE"]
[WhiteElo "1599"]
[WhiteRD "94"]
[BlackElo "1828"]
[BlackRD "98"]
[GameID "128732"]

1. d4 Nf6 2. c4 e6 3. Nc3 Bb4 4. a3 Bxc3+ 5. bxc3 d5 6. cxd5 Nxd5 7. e4 Nxc3 8. Qc2 Qxd4 9. Bd3 Na4 10. Rb1 Nc5
11. Bb5+ c6 12. Rb4 Qe5 13. Nf3 Qd6 14. Rd4 Qe7 15. Bf4 cxb5 16. Bd6 Qf6 17. Qxc5 Nc6 18. Rd1 Qg6 19. O-O Qxe4 20. Rfe1 Qg6
21. Qxb5 a6 22. Qb6 Qh5 23. Qb3 Qb5 24. Qa2 Qf5 25. a4 h5 26. Nd2 f6 27. Nc4 Kf7 28. Nb6 Ra7 29. Rc1 Kg6 30. Bb8 Nxb8
31. Nxc8 Rxc8 32. Rxc8 Nc6 33. Qxe6 Qxe6 34. Rxe6 Kf7 35. Rd6 Ke7 36. Rd1 g5 37. Rc7+ Ke6 38. f3 a5 39. Kf2 Ne5 40. h4 gxh4
41. Rd4 Kf5 42. Rxh4 Kg6 43. Rd4 Kf5 44. Rg7 Ke6 45. Rh7 Kf5 46. Rxh5+ Kg6 47. Rdh4 b6 48. f4 Nf7 49. Rb5 Rb7 50. Rg4+ Kh6
51. Rb3 Kh5 52. Rg7 Kh6 53. Rbg3 Nd6 54. R3g6+ Kh5 55. g4+
1-0

[Event "2008 Standard Chess Dropout Tournament, Round 1"]
[Site "SchemingMind.com"]
[Date "2007.11.18"]
[Round "1"]
[White "C. H. O'D. Schlechter"]
[Black "traxla"]
[Result "1-0"]
[WhiteCountry "USA"]
[BlackCountry "USA"]
[WhiteElo "2395"]
[WhiteRD "69"]
[BlackElo "2127"]
[BlackRD "94"]
[GameID "128734"]

1. d4 Nf6 2. c4 e6 3. Nc3 Bb4 4. Qc2 O-O 5. a3 Bxc3+ 6. Qxc3 b6 7. Bg5 Ba6 8. Qf3 Nc6 9. e3 Na5 10. Rc1 c5
11. d5 e5 12. Ne2 Bxc4 13. Ng3 Ba2 14. Nh5 Bxd5 15. Qh3 d6 16. Bxf6
1-0

[Event "2008 Standard Chess Dropout Tournament, Round 1"]
[Site "SchemingMind.com"]
[Date "2007.11.17"]
[Round "1"]
[White "calidore"]
[Black "Danzino"]
[Result "1-0"]
[WhiteCountry "ISR"]
[BlackCountry "GBR"]
[WhiteElo "1896"]
[WhiteRD "61"]
[BlackElo "1995"]
[BlackRD "85"]
[GameID "128736"]

1. e4 c5 2. c3 Nf6 3. e5 Nd5 4. d4 cxd4 5. cxd4 e6 6. Nf3 d6 7. Nc3 Nxc3 8. bxc3 Qc7 9. Bb2 Nd7 10. Qa4 a6
11. Bd3 b5 12. Bxb5 Rb8 13. Bxd7+ Bxd7 14. Qc2 Bc6 15. exd6 Bxd6 16. Rg1
1-0

[Event "2008 Standard Chess Dropout Tournament, Round 1"]
[Site "SchemingMind.com"]
[Date "2007.11.13"]
[Round "1"]
[White "chesshub"]
[Black "jtrochez1"]
[Result "1-0"]
[WhiteCountry "FRA"]
[BlackCountry "HON"]
[WhiteElo "2343"]
[WhiteRD "83"]
[BlackElo "1511"]
[BlackRD "50"]
[GameID "128738"]

1. e4 e5 2. Nf3 d6 3. d4 exd4 4. Nxd4 Nc6 5. Nc3 Nf6 6. Bb5 Bd7 7. O-O Be7 8. Re1 a6 9. Bxc6 bxc6 10. e5 dxe5
11. Nf3 O-O 12. Nxe5 Be8 13. Bg5 Qxd1 14. Raxd1 Rd8 15. Rxd8 Bxd8 16. Ne4 h6 17. Bxf6 Bxf6 18. Nxf6+ gxf6 19. Ng4 Kg7 20. Re7 h5
21. Ne3 Kg6 22. f4 f5 23. Rxc7 f6 24. Rc8 a5 25. Nc4 a4 26. Nd6 h4 27. Nxe8 c5 28. Nd6 Rxc8 29. Nxc8 Kh5 30. Nb6 Kg4
31. b3 a3 32. Nd5 h3 33. c3 Kh4 34. b4 cxb4 35. Nxf6 bxc3 36. g3#
1-0

[Event "2008 Standard Chess Dropout Tournament, Round 1"]
[Site "SchemingMind.com"]
[Date "2007.11.18"]
[Round "1"]
[White "cnbcad"]
[Black "time_pressure"]
[Result "0-1"]
[WhiteCountry "USA"]
[BlackCountry "USA"]
[WhiteElo "1503"]
[WhiteRD "58"]
[BlackElo "2246"]
[BlackRD "73"]
[GameID "128740"]

1. e4 c6 2. d4 d5 3. e5 Bf5 4. Nf3 e6 5. c3 Nd7 6. b4 Ne7 7. Nbd2 a5 8. bxa5 Qxa5 9. Bb2 Ng6 10. Nb3 Qa4
11. Be2 Be7 12. O-O Nf4 13. Qd2 Nxe2+ 14. Qxe2 Qc4 15. Qxc4 dxc4 16. Nbd2 Nb6 17. a3 Na4 18. Ra2 Bc2 19. Ne1 Bb3 20. Ra1 Nxb2
21. Nxb3 cxb3 22. Nf3 Nd3 23. Nd2 b2 24. Ra2 Bxa3 25. Nc4 Nc1
0-1

[Event "2008 Standard Chess Dropout Tournament, Round 1"]
[Site "SchemingMind.com"]
[Date "2007.11.13"]
[Round "1"]
[White "CuriousShadow"]
[Black "erikbrynolfson"]
[Result "1-0"]
[WhiteCountry "USA"]
[BlackCountry "USA"]
[WhiteElo "2080"]
[WhiteRD "120"]
[BlackElo "1773"]
[BlackRD "69"]
[GameID "128741"]

1. d4 Nf6 2. c4 e6 3. Nf3 Bb4+ 4. Bd2 Qe7 5. g3 d5 6. Bg2 O-O 7. O-O b6 8. Bg5 Nbd7 9. a3 Bd6 10. Nc3 Ba6
11. cxd5 exd5 12. Re1 Qe8 13. Nd2 c6 14. e4 dxe4 15. Ndxe4 Nxe4 16. Nxe4 Qb8 17. Nxd6 Qxd6 18. Be7 Qc7 19. Bxf8 Rxf8 20. Rc1 Bb7
21. Bxc6 Bxc6 22. d5 Nf6 23. dxc6 Rd8 24. Qxd8+ Qxd8 25. c7
1-0

[Event "2008 Standard Chess Dropout Tournament, Round 1"]
[Site "SchemingMind.com"]
[Date "2007.11.13"]
[Round "1"]
[White "dadshane2000"]
[Black "mathmagician"]
[Result "1-0"]
[WhiteCountry "USA"]
[BlackCountry "USA"]
[WhiteElo "1864"]
[WhiteRD "74"]
[BlackElo "1273"]
[BlackRD "100"]
[GameID "128743"]

1. e4 e5 2. Nf3 Nc6 3. Bc4 Nh6 4. d3 Nd4 5. Be3 Nxf3+ 6. Qxf3 c6 7. Bxh6 d5 8. exd5 cxd5 9. Bxd5 f6 10. Bd2 Qe7
11. a3 Be6 12. Bxe6 Qxe6 13. Qxb7 Rc8 14. Nc3 Qg4 15. Qb5+ Qd7 16. Qxd7+ Kxd7 17. O-O-O Bc5 18. f4 exf4 19. Bxf4 g5 20. Bg3 Be3+
21. Kb1 h5 22. h3 h4 23. Bh2 Rhe8 24. Nd5 Bf2 25. Nxf6+ Kc6 26. Nxe8 Rxe8 27. Bg1 Bxg1 28. Rhxg1 a5 29. Rde1 Rc8 30. Re4 Kd5
31. Rge1 Rg8 32. Re5+ Kd6 33. Rxa5 Rf8 34. Rxg5 Rf2 35. a4 Kc6 36. Re6+ Kd7 37. Ra6 Ke7 38. Rg7+ Rf7 39. Ra7+ Kf6 40. Raxf7+ Ke5
41. Rg4 Ke6 42. Ra7 Kf5 43. Ra5+ Kf6 44. Rxh4 Kg6 45. Rb4 Kf7 46. Rb6 Ke8 47. Ra7 Kd8 48. Rb8#
1-0

[Event "2008 Standard Chess Dropout Tournament, Round 1"]
[Site "SchemingMind.com"]
[Date "2007.11.16"]
[Round "1"]
[White "Danzino"]
[Black "boojiboy"]
[Result "1-0"]
[WhiteCountry "GBR"]
[BlackCountry "USA"]
[WhiteElo "2055"]
[WhiteRD "81"]
[BlackElo "1803"]
[BlackRD "96"]
[GameID "128744"]

1. e4 e6 2. d4 d5 3. Nc3 Bb4 4. a3 Bxc3+ 5. bxc3 Ne7 6. Bd3 c5 7. exd5 exd5 8. dxc5 Qa5 9. Ne2 Nd7 10. O-O Nxc5
11. Be3 Nxd3 12. Qxd3 Bf5 13. Qd4 O-O 14. Qe5 Rfe8 15. Bd4 f6 16. Qg3 Bg6 17. Nf4 Nf5 18. Qg4 Nh6 19. Qd7 Nf5 20. Qxb7 Nxd4
21. cxd4 Bxc2 22. Qxd5+ Qxd5 23. Nxd5 Rad8 24. Ne3 Ba4 25. d5 Bb3 26. g3 Rd6 27. Rfc1 Red8 28. Rc7 a5 29. Rb1 a4 30. Ra7 g6
31. Rc1 R8d7 32. Rxd7 Rxd7 33. Rc5 h5 34. Kf1 Kf7 35. Ke2 f5 36. Kd3 Rd6 37. Kd4 Kf6 38. Rc6 Ke7 39. Rxd6 Kxd6 40. Nc4+ Kd7
41. f4 Kc7 42. Kc5 Kd7 43. Ne5+
1-0

[Event "2008 Standard Chess Dropout Tournament, Round 1"]
[Site "SchemingMind.com"]
[Date "2007.11.18"]
[Round "1"]
[White "David Hartley"]
[Black "Schaakmaatje"]
[Result "1-0"]
[WhiteCountry "ENG"]
[BlackCountry "NED"]
[WhiteElo "1887"]
[WhiteRD "77"]
[BlackElo "1746"]
[BlackRD "45"]
[GameID "128745"]

1. e4 e6 2. d4 d5 3. Nc3 Bb4 4. e5 c5 5. a3 Ba5 6. Nf3 Nc6 7. Bb5 Ne7 8. O-O O-O 9. Ne2 cxd4 10. Nexd4 a6
11. Nxc6 bxc6 12. Bd3 c5 13. c4 Bb7 14. Nd2 Bxd2 15. Bxd2 dxc4 16. Bxc4 Qd4 17. Qe2 Ng6 18. Bc3 Qh4 19. Bd2 Rfd8 20. Rac1 Rd4
21. g3 Qh3 22. f3 Rad8 23. Be3 R4d7 24. Bg5 Rb8 25. Bd2 Rbd8 26. Rcd1 h6 27. Bc3 Ne7 28. Rxd7 Rxd7 29. Bxa6 Nd5 30. Bxb7 Rxb7
31. Rc1 Qf5 32. a4 Qg5 33. Bd2 Qf5 34. Qe4 Qxe4 35. fxe4 Nb4 36. Rxc5 Nd3 37. Rc8+ Kh7 38. Bc3 Nxb2 39. a5 Na4 40. Bd4 Rd7
41. Rc4
1-0